| 000 | 00554nam a2200193Ia 4500 | ||
|---|---|---|---|
| 008 | 220531s9999 xx 000 0 und d | ||
| 041 | _amar | ||
| 082 | _a- | ||
| 100 |
_aघांडगे मी. _968241 |
||
| 245 | _aमराठी भाषा आणि शुध्दलेख नः एक विचार मंथन | ||
| 250 | _a1ST | ||
| 260 |
_aPune _bDiamand _c2014 |
||
| 300 | _a230 | ||
| 542 | _d19-12-2014 | ||
| 551 |
_aMarathi _bUgc-MRA |
||
| 650 |
_aLanguage _968242 |
||
| 906 |
_d2014-2015 _f3994 |
||
| 999 |
_c38352 _d38352 |
||